01374 2200373 4500001002100000005001500021035002000036007000300056008004100059020002200100082001600122084001800138100005200156245021000208250003100418300004100449650003700490700002900527700003000556700005100586700004000637700002800677700004100705504003100746264004900777336002100826337003000847338002300877040002200900090002200922850001200944999002200956990002200978INLIS00000000089899920250820101232 a0010-0825000433ta250820s2025 yoia g | ind d a978-634-7265-65-404223a005.437 a005.437 MAN p3 aManurung, Samuel Van Basten HalomoanePengarang10aPengantar desain UI/UX /cSamuel Van Basten Halomoan Manurung, Pulut Suryati, Mufria J Purba, Johanes Terang Kita Perangin Angin, Resianta Perangin-Angin, Andra Juansa; penyunting, Khairul Nisa Panilestari aCetakan Pertama, Juli 2025 a92 halaman :btabel, gambar ;c23 cm 4aKomputer--xSistem pengoperasian0 aPulut SuryatiePengarang0 aMufria J PurbaePengarang3 aPerangin Angin, Johanes Terang KitaePengarang3 aPerangin-Angin, ResiantaePengarang0 aAndra JuansaePengarang0 aKhairul Nisa PanilestariePenyunting aBibliografi: halaman 86-8931aYogyakarta :bStar Digital Publishing,c2025 2rdacontentateks 2rdamediaatanpa perantara 2rdacarrieravolume aYOPDYOGbinderda aCB-D.11 2025-2469 aYOPDYOG aCB-D.11/2025-2469 aCB-D.11/2025-2469